Riconosci il Trasferimento - Quiz n°28 - Statistics

Statistiche generali
  • Questo quiz è stato fatto 452 volte
  • Il punteggio medio è 11 su 20
Statistiche sulle risposte
Ruolo Nazione Trasferimenti Nazione % Corretto
Portiere Italia Parma 1995 - Juventus 2001 - Paris Saint-Germain 2018 - Juventus 2019 - Parma 2021 Gianluigi Buffon
100%
Centrocampista Uruguay Central Español 2010 - Nacional 2011 - Fiorentina 2013 - Cagliari 2014 - Empoli 2014 - Fiorentina 2015 - Inter 2017 - Lazio 2022 Matías Vecino
83%
Attaccante Argentina Instituto 2011 - Palermo 2012 - Juventus 2015 - Roma 2022 Paulo Dybala
82%
Portiere Italia Genoa 2010 - Padova 2011 - Pescara 2012 - Genoa 2013 - Juventus 2018 - Genoa 2020 - Juventus 2021 Mattia Perin
80%
Attaccante Spagna Barcellona B 2011 - Barcellona 2011 - Everton 2013 - Siviglia 2014 - Everton 2015 - Milan 2017 - Barcellona 2017 - Watford 2018 - Udinese 2020 Gerard Deulofeu
71%
Attaccante Italia Armando Picchi 2005 - Viareggio 2008 - Pavia 2009 - Juve Stabia 2010 - Casale 2011 - Virtus Lanciano 2011 - Sassuolo 2012 - Varese 2013 - Sassuolo 2014 - Genoa 2015 - Napoli 2017 - Cagliari 2017 Leonardo Pavoletti
71%
Portiere Germania Kaiserslautern II 2007 - Kaiserslautern 2008 - Eintracht Francoforte 2012 - Paris Saint-Germain 2015 - Eintracht Francoforte 2018 Kevin Trapp
68%
Centrocampista Norvegia Strømsgodset 3 2013 - Strømsgodset 2 2013 - Strømsgodset 2014 - Real Madrid Castilla 2015 - Real Madrid 2015 - Heerenveen 2017 - Vitesse 2018 - Real Sociedad 2019 - Real Madrid 2020 -Arsenal 2021 Martin Ødegaard
68%
Centrocampista Paesi Bassi Ajax 2015 - Manchester United 2020 - Everton 2022 - Manchester United 2022 Donny van de Beek
64%
Attaccante Uruguay Independiente 1998 - Manchester United 2002 - Villarreal 2004 - Atletico Madrid 2007 - Inter 2011 - Internacional 2012 - Cerezo Osaka 2014 - Peñarol 2015 - Mumbai City 2016 - Kitchee 2018 Diego Forlán
58%
Portiere Inghilterra Sunderland 2011 - Darlington 2012 - Alfreton Town 2013 - Burton Town 2013 - Carlisle Utd 2014 - Bradford City 2014 - Preston N.E. 2015 - Sunderland 2016 - Everton 2017 Jordan Pickford
58%
Centrocampista Spagna Barcellona B 2018 - Barcellona 2019 - Los Angeles Galaxy 2022 Riqui Puig
53%
Attaccante Italia Roma 2003 - Brescia 2006 - Pisa 2007 - Atalanta 2008 - Roma 2009 - Fiorentina 2010 - Torino 2012 - Atletico Madrid 2014 - Milan 2015 - Genoa 2016 - Atletico Madrid 2016 - Hellas Verona 2017 - Ankaragücü 2018 - Salernitana 2019 - Arezzo 2020 Alessio Cerci
48%
Centrocampista / Attaccante Spagna Malaga 2014 - Villarreal 2015 - Milan 2018 - Valencia 2022 Samu Castillejo
39%
Centrocampista Svizzera Zurigo 2003 - Bolton 2007 - Torino 2008 - Parma 2009 - Napoli 2011 - Galatasaray 2014 - Genoa 2015 - Bologna 2016 - Montréal Impact 2017 - Bologna 2017 - Shenzhen 2020 - Zurigo 2021 Blerim Džemaili
33%
Difensore Repubblica Democratica del Congo / Inghilterra Crystal Palace 2017 - Manchester United 2019 Aaron Wan-Bissaka
32%
Difensore Francia Montpellier 2007 - Newcastle Utd 2013 - Roma 2014 - Olympique Lione 2015 Mapou Yanga-Mbiwa
24%
Centrocampista Gaippone Yokohama F·Marinos 1997 - Reggina 2002 - Celtic 2005 - Espanyol 2009 - Yokohama F·Marinos 2010 - Júbilo Iwata 2017 - Yokohama FC 2019 Shunsuke Nakamura
24%
Centrocampista Polonia KS Częstochowa 2003 - Wisła Cracovia 2005 - Borussia Dortmund 2007 - Fiorentina 2015 - Wolfsburg 2016 - Wisła Cracovia 2019 Jakub Błaszczykowski
21%
Centrocampista Italia Sambenedettese 2004 - Parma 2005 - Atalanta 2008 - Napoli 2009 - Siviglia 2010 - Atalanta 2011 - Sampdoria 2016 - Cagliari 2017 - Crotone 2020 - Reggiana 2021 Luca Cigarini
21%
Nessun quiz corrispondente trovato
Distribuzione punteggi
Percentuale di utenti per punteggio
Percentile per numero di risposta
I tuoi punteggi nel tempo
Non hai fatto questo quiz